000 00380 a2200133 4500
999 _c4556
_d4556
020 _a0335211526
050 _aLC1139.23B762004
245 _aGender equity in the early years /
_cNaima Browne
264 _aMaidenhead, Berkshire :
_bOpen University Press,
_c2004
300 _a175p.:
500 _aincludes index
650 _agender equaiyy
942 _2lcc
_cBK
_h1139.23B76
_iBR0
_kLC